Life On Our Planet Animal Alphabet - Statistics

General Stats
  • This quiz has been taken 45 times
  • The average score is 19 of 26
Answer Stats
Picture Hint Answer % Correct
J Jackal
90%
K Kangaroo
90%
L Lion
90%
M Mouse
90%
P Panda
90%
A Alpaca
87%
B Bear
87%
C Cougar
87%
E Elephant
87%
F Fox
87%
G Giraffe
87%
O Orangutan
87%
N Newt
83%
D Dingo
80%
H Hippopotamus
80%
I Impala
77%
Q Quail
77%
R Rhinoceros
70%
T Tiger
70%
V Vulture
70%
Y Yak
63%
Z Zebra
63%
U Umbrella Bird
37%
W Wapiti
33%
S Saola
27%
X Xerus
27%
No matching quizzes found
Score Distribution
Percent of People with Each Score
Percentile by Number Answered
Your Score History
You have not taken this quiz